Magie und Medizin
Saved in:
| Main Authors: | , , |
|---|---|
| Format: | Chapter/Article |
| Language: | German |
| Published: |
[2016]
|
| In: |
Ägyptische Magie im Wandel der Zeiten
Year: 2011, Pages: 22-27 |
| Online Access: |
|
| Author Notes: | Ildikó Bárány, Rebekka-M. Müller und Laura Willer |
MARC
| LEADER | 00000caa a2200000 c 4500 | ||
|---|---|---|---|
| 001 | 1553554841 | ||
| 003 | DE-627 | ||
| 005 | 20220813132935.0 | ||
| 007 | tu | ||
| 008 | 170217r20162011xx ||||| 00| ||ger c | ||
| 035 | |a (DE-627)1553554841 | ||
| 035 | |a (DE-576)483554847 | ||
| 035 | |a (DE-599)BSZ483554847 | ||
| 035 | |a (OCoLC)1340960335 | ||
| 040 | |a DE-627 |b ger |c DE-627 |e rda | ||
| 041 | |a ger | ||
| 084 | |a 60 |2 sdnb | ||
| 100 | 1 | |a Bárány, Ildikó |e VerfasserIn |4 aut | |
| 245 | 1 | 0 | |a Magie und Medizin |c Ildikó Bárány, Rebekka-M. Müller und Laura Willer |
| 264 | 1 | |c [2016] | |
| 300 | |b Illustrationen | ||
| 300 | |a 6 | ||
| 336 | |a Text |b txt |2 rdacontent | ||
| 337 | |a ohne Hilfsmittel zu benutzen |b n |2 rdamedia | ||
| 338 | |a Band |b nc |2 rdacarrier | ||
| 534 | |c 2011 | ||
| 700 | 1 | |a Müller, Rebekka-M. |e VerfasserIn |0 (DE-627)1553481151 |0 (DE-576)483481157 |4 aut | |
| 700 | 1 | |a Willer, Laura |d 1984- |e VerfasserIn |0 (DE-588)106797637X |0 (DE-627)819407453 |0 (DE-576)427115744 |4 aut | |
| 773 | 0 | 8 | |i Enthalten in |t Ägyptische Magie im Wandel der Zeiten |b Unveränderter Nachdruck der Erstausgabe von 2011 |d [Heidelberg] : Universitätsbibliothek Heidelberg, 2016 |g (2016), Seite 22-27 |h 59 Seiten |w (DE-627)865866554 |w (DE-576)483236926 |z 9783946531111 |z 9783946531258 |7 nnam |a Magie und Medizin |
| 773 | 1 | 8 | |g year:2016 |g pages:22-27 |g extent:6 |a Magie und Medizin |
| 776 | 0 | 8 | |i Erscheint auch als |n Online-Ausgabe |a Bárány, Ildikó |t Magie und Medizin |d 2011 |w (DE-627)1553481011 |w (DE-576)483481017 |
| 951 | |a AR | ||
| 992 | |a 20170217 | ||
| 993 | |a BookComponentPart | ||
| 998 | |g 106797637X |a Willer, Laura |m 106797637X:Willer, Laura |d 910000 |d 950000 |d 950950 |e 910000PW106797637X |e 950000PW106797637X |e 950950PW106797637X |k 0/910000/ |k 1/910000/950000/ |k 2/910000/950000/950950/ |p 3 |y j | ||
| 999 | |a KXP-PPN1553554841 |e 2954242604 | ||
| BIB | |a Y | ||
| JSO | |a {"person":[{"display":"Bárány, Ildikó","given":"Ildikó","role":"aut","family":"Bárány"},{"display":"Müller, Rebekka-M.","given":"Rebekka-M.","role":"aut","family":"Müller"},{"display":"Willer, Laura","given":"Laura","role":"aut","family":"Willer"}],"title":[{"title":"Magie und Medizin","title_sort":"Magie und Medizin"}],"id":{"eki":["1553554841"]},"origin":[{"dateIssuedKey":"2016","dateIssuedDisp":"[2016]"}],"name":{"displayForm":["Ildikó Bárány, Rebekka-M. Müller und Laura Willer"]},"physDesc":[{"noteIll":"Illustrationen","extent":"6 S."}],"relHost":[{"physDesc":[{"extent":"59 Seiten","noteIll":"Illustrationen"}],"type":{"bibl":"edited-book"},"language":["ger"],"corporate":[{"display":"Universität Heidelberg","role":"isb"},{"role":"his","display":"Universitätsmuseum Heidelberg"}],"title":[{"title_sort":"Ägyptische Magie im Wandel der Zeiten","title":"Ägyptische Magie im Wandel der Zeiten","subtitle":"eine Ausstellung des Instituts für Papyrologie in Zusammenarbeit mit dem Institut für Ägyptologie der Universität Heidelberg"}],"person":[{"display":"Untermann, Matthias","given":"Matthias","role":"edt","family":"Untermann"},{"family":"Ast","role":"wst","given":"Rodney","display":"Ast, Rodney"}],"note":["Auf dem Titelblatt: 2011. - Serienangabe aus Original- und online-Ausg. übernommen"],"disp":"Magie und MedizinÄgyptische Magie im Wandel der Zeiten","relMultPart":[{"titleAlt":[{"title":"Kataloge"}],"language":["ger"],"type":{"bibl":"serial"},"origin":[{"dateIssuedDisp":"2004-","publisher":"heiBOOKS ; Universitätsmuseum Heidelberg","publisherPlace":"Heidelberg ; Heidelberg","dateIssuedKey":"2004"}],"disp":"[Kataloge / Universitätsmuseum Heidelberg","title":[{"title_sort":"Katalog / Universitätsmuseum Heidelberg","title":"Katalog / Universitätsmuseum Heidelberg"}],"person":[{"display":"Untermann, Matthias","given":"Matthias","role":"edt","family":"Untermann"}],"corporate":[{"role":"aut","display":"Universitätsmuseum Heidelberg"}],"recId":"50033563X","pubHistory":["1.2004 -"],"part":{"number_sort":["5,2016"],"number":["[5]"]},"id":{"zdb":["2205092-9"],"issn":["1614-8797"],"eki":["50033563X"]},"dispAlt":"Universitätsmuseum Heidelberg: Katalog"}],"origin":[{"publisherPlace":"[Heidelberg] ; Heidelberg","dateIssuedKey":"2016","publisher":"Universitätsbibliothek Heidelberg ; Universitätsmuseum Heidelberg","dateIssuedDisp":"[2016]","edition":"Unveränderter Nachdruck der Erstausgabe von 2011"}],"name":{"displayForm":["Herausgegeben von Matthias Untermann ; Texte von Rodney Ast [und 10 anderen]"]},"recId":"865866554","part":{"pages":"22-27","text":"(2016), Seite 22-27","extent":"6","year":"2016"},"id":{"isbn":["9783946531111","9783946531258"],"eki":["865866554"]}}],"type":{"bibl":"chapter"},"recId":"1553554841","language":["ger"]} | ||
| SRT | |a BARANYILDIMAGIEUNDME2016 | ||